Zwycięzcy Ligi Europy - Statystyki

Ogólne statystyki
  • Ten quiz został rozwiązany 808 razy
    717 od ostatniego zresetowania
  • Średni wynik to 12 z 30
Statystyki odpowiedzi
Drużyna Zwycięzca Zwycięzca (lata) % Poprawnych
Sevilla FC 7 2006, 2007, 2014, 2015, 2016, 2020, 2023
88%
Real Madryt 2 1985, 1986
86%
Manchester United 1 2017
79%
Chelsea F.C. 2 2013, 2019
71%
Atlético Madryt 3 2010, 2012, 2018
64%
Liverpool F.C. 3 1973, 1976, 2001
61%
Inter Mediolan 3 1991, 1994, 1998
59%
Bayer 04 Leverkusen 1 1988
54%
Juventus Turyn 3 1977, 1990, 1993
53%
Atalanta Bergamo 1 2024
51%
Tottenham Hotspur 3 1972, 1984, 2025
51%
FC Porto 2 2003, 2011
48%
Ajax Amsterdam 1 1992
46%
Borussia Mönchengladbach 2 1975, 1979
45%
Villarreal CF 1 2021
43%
Bayern Monachium 1 1996
39%
PSV Eindhoven 1 1978
34%
Eintracht Frankfurt 2 1980, 2022
31%
SSC Napoli 1 1989
30%
Valencia CF 1 2004
30%
Szachtar Donieck 1 2009
29%
Feyenoord Rotterdam 2 1974, 2002
28%
Zenit Petersburg 1 2008
26%
CSKA Moskwa 1 2005
24%
Galatasaray SK 1 2000
17%
AC Parma 2 1995, 1999
14%
Schalke 04 Gelsenkirchen 1 1997
12%
RSC Anderlecht 1 1983
10%
IFK Göteborg 2 1982, 1987
7%
Ipswich Town 1 1981
7%
Nie znaleziono quizów pasujących do podanych kryteriów
Rozkład punktacji
Procent ludzi z każdym wynikiem
Percentyl według liczby udzielonych odpowiedzi
Twoja historia wyników
Nie rozwiązałeś tego quizu od ostatniego zresetowania